| 000 | 00683cam a22002172 4500 | ||
|---|---|---|---|
| 001 | 0000020371 | ||
| 005 | 20151217152213.0 | ||
| 008 | 110914s xx 000 0 eng d | ||
| 020 | _a0198502296 : | ||
| 040 |
_aKABU _cKABU |
||
| 100 | 1 |
_aPrice, Nicholas C. _@0000180611 |
|
| 245 | 1 | 0 |
_aFundamentals of enzymology : _bthe cell and molecular biology of catalytic proteins / _cNicholas C. Price and Lewis Stevens. |
| 250 | _a3rd ed. | ||
| 260 |
_aOxford : _bOUP, _c1999. |
||
| 300 | _axviii, 485 p. | ||
| 650 | 0 |
_aEnzymes. _@0000180612 |
|
| 700 | 1 |
_aStevens, Lewis. _@0000180613 |
|
| 852 | 1 | _9p5880 KES | |
| 908 | _a110914 | ||
| 950 | _@1 | ||
| 999 |
_c9291 _d9291 |
||